| 000 | 01172nam a2200241 a 4500 | ||
|---|---|---|---|
| 001 | 000024349 | ||
| 005 | 20200930022932.0 | ||
| 008 | 110126s1987 sp r 000 0 spa d | ||
| 020 | _a8425507642 | ||
| 040 |
_aDO-SdBNP _bspa _cBNPHU |
||
| 041 | 1 | 7 |
_aspa _heng _2Código de idioma MARC |
| 082 |
_aNNN _bL821d |
||
| 100 | 1 |
_aLoden, Marilyn _949936 |
|
| 240 | 1 | 0 |
_aFemenine leadership or to succeed in business with out being one of the boys. _lEspañol. |
| 245 | 1 | 0 |
_aDirección femenina : _bcómo triunfar en los negocios sin actuar como un hombre / _cMarilyn Loden ; traducida por Fernando Ruiz Gabás. |
| 260 |
_aBarcelona, España : _bHispano Europea, _c1987. |
||
| 490 | 1 |
_aBiblioteca de dirección, organización y administración de empresas _apsicología y desarrollo personal |
|
| 534 |
_aTítulo original: _tFemenine leadership or to succeed in business with out being one of the boys. |
||
| 504 | _aIncluye referencias bibliográficas y notas al pie de las páginas | ||
| 700 | 1 |
_aRuiz Gabás, Fernando, _etr. _949937 |
|
| 830 | 0 |
_aBiblioteca de dirección, organización y administración de empresas _ppsicología y desarrollo personal _949938 |
|
| 049 | _aBNGR | ||
| 999 |
_c23842 _d23842 |
||